00765nam a2200253 a 4500001001300000003000900013005001700022008004100039020001000080082001500090100002300105245004500128260002900173300000900202500003500211505003100246650003700277650002400314700002300338902000800361942000700369952011800376999001700494nice12345678IN_TiNIC20260116014933.0050524s1985 lona grp 000 0 eng  ac10000a261.2bHUN aHunter, Alastair G aChristianity and Other Faiths in Britain aLondonbScm Press c1985 a176p aincludes index and biblioraphy2 aBibliography, Notes, Index aChristianity and Other Religions aInterfaith Dialogue1 aHunter, Alastair G bSRS cBK 001040708StackRoom-aHMIbHMId2007-07-10g100.00l0o261.2 HUNp11000883r2007-07-10v100.00w2005-05-24yBK c17620d17620